| 000 | 00799nam a2200205 a 4500 | ||
|---|---|---|---|
| 003 | 0 | ||
| 005 | 20250616140541.0 | ||
| 008 | 021114s19uu xx 00 eng d | ||
| 050 |
_aPGS QK 898.M3 _b.J62 1999 |
||
| 100 | _aJoaquin, Aldo Lorenzo T. | ||
| 245 |
_aA study on the effects of magnetism on plants / _cAldo Lorenzo T. Joaquin. |
||
| 260 |
_aLas PiƱas City, Philippines : _bSouthville International School and Colleges, _c1999. |
||
| 300 |
_aUnpaged : _billustrations ; _c28 cm. |
||
| 504 | _aIncludes bibliographical references. | ||
| 650 |
_aPlants _vEffect of magnetism _vExperimental studies. |
||
| 650 |
_aMagnetism _vPhysiological effect on plants. |
||
| 650 |
_aPlant physiology _vExperimental studies. |
||
| 650 |
_aPlant growth _vInfluence of external factors. |
||
| 942 |
_2lcc _cPASS |
||
| 999 |
_c96143 _d96143 |
||